<?xml version="1.0" encoding="UTF-8"?>
<record
    xmlns:xsi="http://www.w3.org/2001/XMLSchema-instance"
    xsi:schemaLocation="http://www.loc.gov/MARC21/slim http://www.loc.gov/standards/marcxml/schema/MARC21slim.xsd"
    xmlns="http://www.loc.gov/MARC21/slim">

  <leader>01359nam a2200217 a 4500</leader>
  <controlfield tag="001">15281</controlfield>
  <controlfield tag="003">CO-ViMGA</controlfield>
  <controlfield tag="008">141112s2004    ck      r     000 u spa d</controlfield>
  <datafield tag="020" ind1=" " ind2=" ">
    <subfield code="a">9684269463</subfield>
  </datafield>
  <datafield tag="040" ind1=" " ind2=" ">
    <subfield code="a">CO-ViMGA</subfield>
    <subfield code="b">spa</subfield>
    <subfield code="c">CO-ViMGA</subfield>
  </datafield>
  <datafield tag="082" ind1="0" ind2="4">
    <subfield code="a">616.07 F474</subfield>
  </datafield>
  <datafield tag="100" ind1="1" ind2=" ">
    <subfield code="a">Mcphee, Stephen J.; Lingappa, Vishwanath R.; Ganong, William F.; Lange, Jack D.</subfield>
    <subfield code="9">22192</subfield>
  </datafield>
  <datafield tag="245" ind1="1" ind2="0">
    <subfield code="a">Fisiopatolog&#xED;a medica : </subfield>
    <subfield code="b">Una introducci&#xF3;n a la medicina cl&#xED;nica</subfield>
  </datafield>
  <datafield tag="250" ind1=" " ind2=" ">
    <subfield code="a">3</subfield>
  </datafield>
  <datafield tag="260" ind1=" " ind2=" ">
    <subfield code="a">Mexico, </subfield>
    <subfield code="c">Manual Moderno, </subfield>
    <subfield code="c">2001</subfield>
  </datafield>
  <datafield tag="300" ind1=" " ind2=" ">
    <subfield code="a">692.p.il.</subfield>
  </datafield>
  <datafield tag="505" ind1=" " ind2=" ">
    <subfield code="a">Enfermedad gen&#xE9;tica Trastornos del sistema inmunitario Enfermedades infecciosas Neoplasia Trastornos hem&#xE1;ticos Trastornos del sistema nervioso Enfermedades cutaneas Enfermedad pulmonar Cardiopat&#xED;a Enfermedad vascular Trastornos de la medula suprarrenal Enfermedades gastrointestinales Enfermedad hep&#xE1;tica Trastornos del p&#xE1;ncreas exocrino Enfermedad renal Trastornos de las paratiroides y del metabolismo del calcio Trastornos del pancreas endocrino Trastornos del hipotalamo y de la hip&#xF3;fisis Enfermedad tiroidea Trastornos de la corteza suprarrenal Trastornos del aparato reproductor femenino Trastornos del aparato reproductor masculino Enfermedades reum&#xE1;ticas inflamatorias Estudios de casos ilustrativos</subfield>
  </datafield>
  <datafield tag="650" ind1="1" ind2="4">
    <subfield code="a">FISIOLOGIA MEDICA</subfield>
    <subfield code="9">48665</subfield>
  </datafield>
  <datafield tag="650" ind1="1" ind2="4">
    <subfield code="a">PATOLOG&#xCD;A MEDICA</subfield>
    <subfield code="9">22193</subfield>
  </datafield>
  <datafield tag="942" ind1=" " ind2=" ">
    <subfield code="2">ddc</subfield>
    <subfield code="c">BK</subfield>
  </datafield>
  <datafield tag="999" ind1=" " ind2=" ">
    <subfield code="c">25644</subfield>
    <subfield code="d">25644</subfield>
  </datafield>
  <datafield tag="952" ind1=" " ind2=" ">
    <subfield code="0">0</subfield>
    <subfield code="1">0</subfield>
    <subfield code="2">ddc</subfield>
    <subfield code="4">0</subfield>
    <subfield code="7">0</subfield>
    <subfield code="8">002</subfield>
    <subfield code="a">MEVIECAR</subfield>
    <subfield code="b">MEVIECAR</subfield>
    <subfield code="d">2015-12-04</subfield>
    <subfield code="h">Volumen. 1 | 11/jun/2009</subfield>
    <subfield code="l">0</subfield>
    <subfield code="o">616.07 F474 </subfield>
    <subfield code="p">15281</subfield>
    <subfield code="r">2015-12-04 00:00:00</subfield>
    <subfield code="t">Ej. 1</subfield>
    <subfield code="w">2015-12-04</subfield>
    <subfield code="y">BK</subfield>
  </datafield>
</record>
